各个韵母结尾的人口最多的5个县级行政区(城市点位地图版) - Statistics

General Stats
  • This quiz has been taken 8 times
  • The average score is 116 of 157
Answers on the Map
Answers color-coded by a green-red scale on the quiz's map according to % correct below.
 
Answer Stats
韵母 2020年人口 省级行政区 县级行政区 % Correct
a 846584 广东省 南沙区
100%
ai 3667247 广东省 南海区
100%
ai 2019764 北京市 丰台区
100%
ai 1973752 天津市 滨海新区
100%
ai 1503737 广东省 电白区
100%
an 4476554 广东省 宝安区
100%
an 2235218 上海市 宝山区
100%
an 2092496 江苏省 昆山市
100%
ang 3979037 广东省 龙岗区
100%
ang 3452460 北京市 朝阳区
100%
ang 2653489 上海市 闵行区
100%
ao 1903595 山东省 黄岛区
100%
e 3229090 广东省 顺德区
100%
e 2241826 广东省 天河区
100%
ei 1096879 山东省 市北区
100%
ei 1036987 福建省 集美区
100%
eng 2090578 广东省 惠城区
100%
i 1798458 辽宁省 甘井子区
100%
i 1324044 北京市 顺义区
100%
ia 987835 江苏省 栖霞区
100%
ian 3133469 北京市 海淀区
100%
ian 1553225 广东省 福田区
100%
iang 1909713 上海市 松江区
100%
iang 1545023 江苏省 吴江区
100%
iao 1054597 安徽省 萧县
100%
in 1779515 江苏省 江阴市
100%
ing 2269487 北京市 昌平区
100%
ing 1926117 江苏省 江宁区
100%
ing 1834258 上海市 嘉定区
100%
o 1336077 山东省 即墨区
100%
ong 5681512 上海市 浦东新区
100%
ong 1388972 江苏省 吴中区
100%
ou 1840295 北京市 通州区
100%
ou 1564449 重庆市 万州区
100%
u 1819037 广东省 海珠区
100%
u 1677050 江苏省 常熟市
100%
ua 2528872 广东省 龙华区
100%
uan 1516013 江苏省 崇川区
100%
ui 2145588 河南省 金水区
100%
a 2046737 陕西省 雁塔区
88%
an 2554403 湖北省 洪山区
88%
an 2011699 浙江省 萧山区
88%
ao 1384282 山东省 曹县
88%
ao 1268715 湖北省 仙桃市
88%
ao 1238448 江苏省 如皋市
88%
e 1379982 安徽省 太和县
88%
ei 1038337 江苏省 沛县
88%
en 1158640 湖北省 天门市
88%
en 991782 江苏省 海门区
88%
eng 1640000 山东省 历城区
88%
eng 1466331 广东省 增城区
88%
er 365012 内蒙古自治区 海拉尔区
88%
er 328241 新疆维吾尔自治区 阿拉尔市
88%
i 1829488 浙江省 慈溪市
88%
ia 920000 山东省 历下区
88%
ian 1140872 上海市 奉贤区
88%
iang 1363470 广东省 廉江市
88%
ie 744836 重庆市 奉节县
88%
ing 1993591 北京市 大兴区
88%
iu 1265398 四川省 金牛区
88%
ong 1123276 江西省 章贡区
88%
ong 1066062 辽宁省 于洪区
88%
ou 1855186 四川省 武侯区
88%
u 2658397 广东省 番禺区
88%
u 2058010 江苏省 姑苏区
88%
u 1859390 浙江省 义乌市
88%
ua 1264895 湖南省 雨花区
88%
uan 1508868 河南省 中原区
88%
ui 1164730 山东省 环翠区
88%
ui 1113078 上海市 徐汇区
88%
un 3742991 广东省 白云区
88%
un 800740 河北省 丰润区
88%
uo 1239800 上海市 普陀区
88%
a 1477345 重庆市 沙坪坝区
75%
ai 1390612 广西壮族自治区 博白县
75%
ang 1891363 陕西省 未央区
75%
ao 1254032 浙江省 余姚市
75%
ei 2191493 重庆市 渝北区
75%
en 909643 天津市 北辰区
75%
eng 1537231 安徽省 谯城区
75%
i 1346210 四川省 龙泉驿区
75%
i 1335935 辽宁省 铁西区
75%
ia 1308469 湖北省 江夏区
75%
iang 2061551 福建省 晋江市
75%
iang 1263332 湖南省 宁乡市
75%
iao 1766285 安徽省 埇桥区
75%
iao 1098859 浙江省 柯桥区
75%
in 1697380 江苏省 武进区
75%
in 1359611 重庆市 江津区
75%
ing 1998619 广东省 普宁市
75%
iong 353916 广东省 南雄市
75%
iu 1211637 广西壮族自治区 北流市
75%
ou 1588187 浙江省 鄞州区
75%
ou 1574648 山东省 滕州市
75%
ua 1381894 四川省 成华区
75%
uai 740809 江苏省 秦淮区
75%
uan 1658442 安徽省 临泉县
75%
uan 1484016 甘肃省 城关区
75%
uang 1163364 山东省 寿光市
75%
ue 676264 湖北省 武穴市
75%
un 829448 浙江省 北仑区
75%
un 792101 湖北省 蕲春县
75%
a 640951 陕西省 宝塔区
63%
ian 1272967 山东省 张店区
63%
iao 875617 河南省 平桥区
63%
in 1187254 安徽省 利辛县
63%
iong 631530 云南省 楚雄市
63%
iong 478553 河北省 雄县
63%
iu 2659829 四川省 双流区
63%
iu 1124334 广西壮族自治区 青秀区
63%
o 1526821 重庆市 九龙坡区
63%
ong 1093659 河南省 卧龙区
63%
un 875896 广东省 阳春市
63%
uo 1210878 广东省 博罗县
63%
uo 841745 福建省 新罗区
63%
uo 632246 湖南省 汨罗市
63%
a 1374491 湖南省 长沙县
50%
ang 1674978 江苏省 沭阳县
50%
e 1217469 安徽省 包河区
50%
ei 1189813 云南省 宣威市
50%
en 976466 山东省 奎文区
50%
eng 1465000 河南省 新郑市
50%
er 162711 云南省 宁洱哈尼族彝族自治县
50%
ia 869624 浙江省 永嘉县
50%
ie 197399 河南省 上街区
50%
in 996279 云南省 麒麟区
50%
iong 1349795 云南省 镇雄县
50%
iong 47900 西藏自治区 当雄县
50%
iu 1075784 山东省 章丘区
50%
ua 1196538 湖南省 新化县
50%
ua 1169072 河南省 滑县
50%
uai 655300 贵州省 仁怀市
50%
uai 24745 内蒙古自治区 石拐区
50%
uan 1305066 贵州省 七星关区
50%
uang 800000 山东省 罗庄区
50%
uang 485627 安徽省 明光市
50%
uang 351619 湖南省 凤凰县
50%
ue 950939 四川省 安岳县
50%
uo 715149 江西省 兴国县
50%
er 162476 内蒙古自治区 和林格尔县
38%
ian 1357242 山西省 小店区
38%
iao 1020259 陕西省 灞桥区
38%
ie 20362 西藏自治区 定结县
38%
ie 15199 西藏自治区 琼结县
38%
o 243587 云南省 麻栗坡县
38%
uang 682070 河南省 内黄县
38%
ue 1046569 山东省 岱岳区
38%
ue 70370 湖南省 南岳区
38%
ui 1009778 湖南省 隆回县
38%
e 1078632 河南省 唐河县
25%
en 930370 山东省 莘县
25%
ia 506377 河南省 郏县
25%
o 240149 四川省 雷波县
25%
ui 967570 山东省 沂水县
25%
er 359184 内蒙古自治区 准格尔旗
13%
o 904412 四川省 东坡区
13%
ue 252435 四川省 昭觉县
13%
No matching quizzes found
Score Distribution
Percent of People with Each Score
Percentile by Number Answered
Your Score History
You have not taken this quiz